Statistics for Scramble Λέξεων - Αθλήματα

Click here to take the quiz!

General Stats

  • This quiz has been taken 119 times
  • The average score is 11 of 20

Answer Stats

ScrambleΆθλημα% Correct
ρδποοοαιφσΠοδόσφαιρο
100%
καπτεσμΜπάσκετ
91%
κισΣκι
90%
οσβιστΣτίβος
81%
λιοεβΒόλεϊ
81%
λοφκγΓκολφ
80%
δληααιοπσΠοδηλασία
71%
σιεντΤένις
67%
κετρικΚρίκετ
66%
βυμηκηολσΚολύμβηση
63%
πλησιααωκΚωπηλασία
63%
τυνοοζτΤζούντο
58%
απαπισιΙππασία
49%
βπληοοοκσΣκοποβολή
40%
ξβοοαιλτοΤοξοβολία
32%
δσυηακταΚατάδυση
31%
χααιυμγπΠυγμαχία
27%
πσλοοιαιτιΙστιοπλοΐα
17%
γρνηαεονΕνόργανη
11%
θικρυημΡυθμική
9%

Score Distribution

Percentile by Number Answered

Percent of People with Each Score

Your Score History

You have not taken this quiz